PAÍSES CON MAYOR GASTO EN GUERRAS - Estadísticas

Estadísticas generales
  • Esta prueba ha sido intentada 326 veces
  • La puntuación promedio es 8 de 10
Estadísticas de respuestas
Gasto en Millones de Euros PAÍS % Correcto
63.731 RUSIA
97%
150.245 CHINA
95%
48.116 FRANCIA
92%
459.097 ESTADOS UNIDOS
90%
34.749 ALEMANIA
89%
44.605 REINO UNIDO
86%
34.533 JAPÓN
85%
38.195 INDIA
75%
28.059 COREA DEL SUR
65%
60.776 ARABIA SAUDÍ
41%
No se encontraron pruebas coincidentes
Distribución de puntuación
Porcentaje de gente con cada puntuación
Porcentaje por número respondido
Historial de tus puntuaciones
No has intentado esta prueba.